Sword and flame : (Record no. 282009)
[ view plain ]
| 000 -LEADER | |
|---|---|
| fixed length control field | 00380nam a2200133Ia 4500 |
| 008 - FIXED-LENGTH DATA ELEMENTS--GENERAL INFORMATION | |
| fixed length control field | 150202s9999 xx 000 0 und d |
| 020 ## - INTERNATIONAL STANDARD BOOK NUMBER | |
| International Standard Book Number | 583309178 |
| 050 ## - LIBRARY OF CONGRESS CALL NUMBER | |
| Classification number | FIC |
| Item number | FIC |
| 100 ## - MAIN ENTRY--PERSONAL NAME | |
| Personal name | Farrell, Simon. |
| 245 ## - TITLE STATEMENT | |
| Title | Sword and flame : |
| Remainder of title | the english civil war / |
| Statement of responsibility, etc | Simon Farrell. |
| 260 ## - PUBLICATION, DISTRIBUTION, ETC. (IMPRINT) | |
| Place of publication, distribution, etc | London : |
| Name of publisher, distributor, etc | Grafton Books, |
| Date of publication, distribution, etc | 1986. |
| 300 ## - PHYSICAL DESCRIPTION | |
| Extent | 176 pages : |
| Dimensions | 18 cm. |
| 650 ## - SUBJECT ADDED ENTRY--TOPICAL TERM | |
| Topical term or geographic name as entry element | Fiction. |
No items available.